Practical networking / (Record no. 133534)
[ view plain ]
| 000 -LEADER | |
|---|---|
| fixed length control field | 00675nam a22002297a 4500 |
| 005 - DATE AND TIME OF LATEST TRANSACTION | |
| control field | 20170124110211.0 |
| 010 ## - LIBRARY OF CONGRESS CONTROL NUMBER | |
| LC control number | A-999115 |
| 020 ## - INTERNATIONAL STANDARD BOOK NUMBER | |
| Terms of availability | 195.00 |
| International Standard Book Number | 8120316614 |
| 035 ## - SYSTEM CONTROL NUMBER | |
| System control number | A-999115 |
| 037 ## - SOURCE OF ACQUISITION | |
| Source of stock number/acquisition | Cen Lib/Ret |
| 040 ## - CATALOGING SOURCE | |
| Original cataloging agency | DPL |
| Language of cataloging | EN |
| 082 ## - DEWEY DECIMAL CLASSIFICATION NUMBER | |
| Classification number | 004.65 |
| Item number | DER |
| 100 ## - MAIN ENTRY--PERSONAL NAME | |
| Personal name | Derfler, F.F. |
| 9 (RLIN) | 38201 |
| 245 ## - TITLE STATEMENT | |
| Title | Practical networking / |
| Statement of responsibility, etc | by F.F. Derfler |
| 260 ## - PUBLICATION, DISTRIBUTION, ETC. (IMPRINT) | |
| Place of publication, distribution, etc | New Delhi |
| Name of publisher, distributor, etc | Prentice Hall |
| Date of publication, distribution, etc | 2000 |
| 270 ## - ADDRESS | |
| Address | M-97, Connaught Circus |
| City | New Delhi |
| Postal code | 110001 |
| 300 ## - PHYSICAL DESCRIPTION | |
| Extent | ix,543p. : |
| Dimensions | 23cm(Hb) |
| Other physical details | ill. |
| 650 ## - SUBJECT ADDED ENTRY--TOPICAL TERM | |
| Topical term or geographic name as entry element | Computer networks |
| 9 (RLIN) | 8333 |
| 650 ## - SUBJECT ADDED ENTRY--TOPICAL TERM | |
| Topical term or geographic name as entry element | Local area networks (Computer networks) |
| 9 (RLIN) | 16976 |
| 700 ## - ADDED ENTRY--PERSONAL NAME | |
| 9 (RLIN) | 474 |
| 942 ## - ADDED ENTRY ELEMENTS (KOHA) | |
| Source of classification or shelving scheme | Dewey Decimal Classification |
| Koha item type | English Books |
| Classification part | 004.65 |
| Call number suffix | DER |
| Withdrawn status | Lost status | Damaged status | Not for loan | Home library | Current library | Date acquired | Source of acquisition | Cost, normal purchase price | Total Checkouts | Full call number | Barcode | Date last seen | Copy number | Cost, replacement price | Price effective from | Koha item type | Public note |
|---|---|---|---|---|---|---|---|---|---|---|---|---|---|---|---|---|---|
| Written off | Central Library | Central Library | 27/07/2015 | Cen Lib/Ret | 195.00 | 004.65 DER | A-999115 | 27/07/2015 | 1 | 195.00 | 27/07/2015 | English Books | W/d List No. 6900/23 ; dtd 23/10/2020 |
